00446nam a2200157Ia 4500003000400000005001700004008004100021020001800062040000900080082001900089100001800108245011100126260003200237300000900269650001000278OSt20260324145137.0190216s9999||||xx |||||||||||||| ||und|| a9788126409563 coclc a823.912bJOY/Y aJoyce, James  0aYuvavenna Nilakku Oru Kalakarante Chchayachithram = A Portrait Of the Artist As a Young Man /cJames Joyce bDc Books,aKottayam:c2005. a260p aNovel